00968nam a2200229Ia 4500003000900000008004100009020001800050040001600068080001500084111007100099245015800170260005000328300001600378490003900394650002500433650004200458650003400500700004400534942000700578999001700585952013600602IN-BaIIA211028s9999 xx 000 0 eng d a0-7354-0042-3 cIIA Library a523.7bSOL aA Joint SOHO/ACE WorkshopcBern, Switzerlandd2001 Mar. 6-9926586 0aSolar and galactic compositionbproceedings of a joint SOHO/ACE workshop held in Bern, Switzerland, March 6-9, 2001cedited by R. F. Wimmer-Schweingruber aMelvillebAmerican Institute of Physicsc2001 axiii, 423p. aAIP conference proceedings; v. 598 aCosmochemistry91212 aEnergetic particle composition926587 aSolar wind composition926588 aWimmer-Schweingruber, R. F., ed.926589 cBK c14789d14789 00104070aBANbBANcGENd2002-09-25eANJ g11518.70l0o523.7/ SOLp15711r2021-11-05v11518.70w2002-09-25yBKGRs. 11518.70